Most Guessed Pokémon - Statistics

General Stats
  • This quiz has been taken 103 times
  • The average score is 16 of 21
Answer Stats
% Pokémon % Correct
88 Pikachu
100%
83 Charizard
98%
81 Charmander
95%
78 Squirtle
94%
81 Bulbasaur
93%
70 Blastoise
90%
63 Mew
88%
60 Mewtwo
88%
67 Raichu
83%
71 Charmeleon
80%
69 Ivysaur
79%
63 Wartortle
78%
66 Venusaur
75%
58 Pidgey
68%
59 Pidgeot
65%
59 Butterfree
62%
57 Eevee
58%
59 Caterpie
56%
58 Weedle
52%
58 Beedrill
49%
57 Jigglypuff
41%
No matching quizzes found
Score Distribution
Percent of People with Each Score
Percentile by Number Answered
Your Score History
You have not taken this quiz